| 000 | 00422 a2200109 4500 | ||
|---|---|---|---|
| 001 | ART_42575 | ||
| 005 | 20260410161943.0 | ||
| 008 | 260409a | ||
| 245 | 1 | 0 | _aNotas prácticas sobre el denominado período de reserva del puesto de trabajo contemplado en el artículo 211 de la ley de contrato de trabajo |
| 100 | 1 | _aTula, Diego J. | |
| 773 | 0 |
_tTemas de derecho laboral _g- Nº 7 (jul. 2017) _wREV27619 |
|
| 999 |
_c29651 _d29651 |
||